Statistics for Disney PIXAR's Monsters University Characters Quiz

Click here to take the quiz!

General Stats

  • This quiz has been taken 137 times
  • The average score is 7 of 18

Answer Stats

Actor/ActressDescriptionCharacter% Correct
Billy CrystalA short, green, one-eyed monster and member of the Oozma Kappa fraternityMichael "Mike" Wazowski
100%
John GoodmanA tall, blue, furry monster and member of the Oozma Kappa fraternityJames P. "Sulley" Sullivan
75%
Peter SohnA short, pink monster with five eyes and a member of the Oozma Kappa fraternityScott "Squishy" Squibbles
62%
Steve BuscemiA purple monster who can camoflaugeRandall "Randy" Boggs
58%
Charlie DayAn Oozma Kappa fraternity member who has two long legs and short armsArt
54%
Dave FoleyAn Oozma Kappa fraternity member who shares his brother's bodyTerry Perry
54%
Sean HayesAn Oozma Kappa fraternity member who shares his brother's bodyTerri Perry
48%
Joel MurrayA middle-aged returning student and the founding member of Oozma Kappa fraternityDon Carlton
46%
Hellen MirrenThe chair of the Scarer program at Monsters UniversityDean Abigail Hardscrabble
36%
Nathan FillionThe president of Roar Omega RoarJohnny J. Worthington III
35%
Alfred MolinaAn orange dinosaur-like professor at Monsters UniversityProfessor Derek Knight
28%
Bonnie HuntMike's grade school teacherMs. Karen Graves
25%
Bobby MoynihanA Roar Omega Roar fraternity memberChet Alexander
21%
John RatzenbergerA Monsters, Inc. mailroom employeeThe Yeti
18%
Aubrey PlazaGreek Council presidentClaire Wheeler
16%
Beth BehrsThe leader of Python Nu Kappa sororityCarrie Williams
13%
Tyler LabineGreek Council vice-presidentBrock Pearson
12%
Julia SweeneyScott's motherSherri Squibbles
12%

Score Distribution

Percentile by Number Answered

Percent of People with Each Score

Your Score History

You have not taken this quiz